000
00244 a2200097 4500
020
_a
9781009284332
100
_a
Deepak Khemani
245
_a
Search methods in artificial intelligence
260
_b
Cambridge University Press
_c
2024
942
_c
OO
999
_c
115979
_d
115978